A Nashville Christmas / (Record no. 324362)
[ view plain ]
| 000 -LEADER | |
|---|---|
| fixed length control field | 02877cgm a2200625Mi 4500 |
| 001 - CONTROL NUMBER | |
| control field | on1082294569 |
| 003 - CONTROL NUMBER IDENTIFIER | |
| control field | OCoLC |
| 005 - DATE AND TIME OF LATEST TRANSACTION | |
| control field | 20200320223357.0 |
| 007 - PHYSICAL DESCRIPTION FIXED FIELD--GENERAL INFORMATION | |
| fixed length control field | vd cvaizq |
| 008 - FIXED-LENGTH DATA ELEMENTS--GENERAL INFORMATION | |
| fixed length control field | 180911s2017 cau050 vleng d |
| 024 1# - OTHER STANDARD IDENTIFIER | |
| Standard number or code | 043396545991 |
| 028 42 - PUBLISHER NUMBER | |
| Publisher number | 54599 |
| Source | Sony Pictures Home Entertainment |
| 035 ## - SYSTEM CONTROL NUMBER | |
| System control number | (OCoLC)1082294569 |
| 037 ## - SOURCE OF ACQUISITION | |
| Source of stock number/acquisition | Midwest Tape |
| Note | http://www.midwesttapes.com |
| 040 ## - CATALOGING SOURCE | |
| Original cataloging agency | ANK |
| Language of cataloging | eng |
| Description conventions | rda |
| Transcribing agency | ANK |
| Modifying agency | OCLCO |
| -- | OCLCF |
| -- | WACOL |
| 041 1# - LANGUAGE CODE | |
| Language code of text/sound track or separate title | eng |
| -- | eng |
| Language code of original and/or intermediate translations of text | eng |
| 049 ## - LOCAL HOLDINGS (OCLC) | |
| Holding library | WACL |
| 050 #4 - LIBRARY OF CONGRESS CALL NUMBER | |
| Classification number | M1929.3.C5 |
| Item number | N37 2018 |
| 082 04 - DEWEY DECIMAL CLASSIFICATION NUMBER | |
| Classification number | 782.421/723 |
| Edition number | 23 |
| 092 ## - LOCALLY ASSIGNED DEWEY CALL NUMBER (OCLC) | |
| Classification number | DVD782.281723 |
| Item number | NAS |
| 092 ## - LOCALLY ASSIGNED DEWEY CALL NUMBER (OCLC) | |
| Classification number | DVD |
| Item number | Nas |
| 245 02 - TITLE STATEMENT | |
| Title | A Nashville Christmas / |
| Statement of responsibility, etc | director, Russ Hall. |
| 250 ## - EDITION STATEMENT | |
| Edition statement | Widescreen ed. |
| 264 #1 - Production, Publication, Distribution, Manufacture, and Copyright Notice. | |
| Place of production, publication, distribution, manufacture | Culver City, CA : |
| Name of producer, publisher, distributor, manufacturer | Sony Pictures Home Entertainment, |
| Date of production, publication, distribution, manufacture, or copyr | [2017] |
| 300 ## - PHYSICAL DESCRIPTION | |
| Extent | 1 videodisc (50 min.) : |
| Other physical details | sound, color ; |
| Dimensions | 4 3/4 in. |
| 336 ## - Content Type | |
| Content type term | two-dimensional moving image |
| 337 ## - Media type | |
| Media type term | video |
| 338 ## - Carrier type | |
| Carrier type term | videodisc |
| 344 ## - | |
| -- | digital |
| -- | optical |
| -- | rda |
| 347 ## - | |
| -- | video file |
| -- | DVD video |
| -- | rda |
| 380 ## - | |
| -- | Concert films. |
| -- | lcgft |
| 538 ## - SYSTEM DETAILS NOTE | |
| System details note | DVD; NTSC, region 1; widescreen (1.78:1); Dolby digital 5.1. |
| 546 ## - LANGUAGE NOTE | |
| Language note | English dialogue; English subtitles; subtitled for the deaf and hard of hearing (SDH). |
| 500 ## - GENERAL NOTE | |
| General note | Widescreen. |
| 500 ## - GENERAL NOTE | |
| General note | Title from container. |
| 511 0# - PARTICIPANT OR PERFORMER NOTE | |
| Participant or performer note | Emmylou Harris, Wynonna Judd, Pam Tillis, Lorrie Morgan, Dailey & Vincent. |
| 521 8# - TARGET AUDIENCE NOTE | |
| Target audience note | Rating: Not rated. |
| 520 ## - SUMMARY, ETC. | |
| Summary, etc | Legendary country singers meet classic Christmas songs in this hour-long music special taped in Nashville, Tennessee - the home of country music. Join Country Music Hall of Famer Emmylou Harris, the incomparable Wynonna Judd, chart-topping hitmakers Pam Tillis and Lorrie Morgan, bluegrass sensation Dailey & Vincent, and rock gospel icon Ashley Cleveland as they reminisce about the holidays and share an inspiring evening of music, once-in-a-lifetime duets and good cheer. |
| 521 ## - TARGET AUDIENCE NOTE | |
| Target audience note | DVD |
| Source | Donation |
| 650 #0 - SUBJECT ADDED ENTRY--TOPICAL TERM | |
| Topical term or geographic name as entry element | Christmas music. |
| 9 (RLIN) | 6020150 |
| 650 #7 - SUBJECT ADDED ENTRY--TOPICAL TERM | |
| Topical term or geographic name as entry element | Christmas music. |
| Source of heading or term | fast |
| -- | (OCoLC)fst00859831 |
| 9 (RLIN) | 6020150 |
| 655 #7 - INDEX TERM--GENRE/FORM | |
| Genre/form data or focus term | Concert films. |
| Source of term | lcgft |
| 9 (RLIN) | 5718825 |
| 655 #7 - INDEX TERM--GENRE/FORM | |
| Genre/form data or focus term | Video recordings for the hearing impaired. |
| Source of term | lcgft |
| 9 (RLIN) | 6020151 |
| 655 #7 - INDEX TERM--GENRE/FORM | |
| Genre/form data or focus term | Concert films. |
| Source of term | fast |
| -- | (OCoLC)fst01710271 |
| 9 (RLIN) | 5718825 |
| 655 #7 - INDEX TERM--GENRE/FORM | |
| Genre/form data or focus term | Video recordings for the hearing impaired. |
| Source of term | fast |
| -- | (OCoLC)fst01710450 |
| 9 (RLIN) | 6020151 |
| 700 1# - ADDED ENTRY--PERSONAL NAME | |
| Personal name | Hall, Russ, |
| Relator term | film director. |
| 9 (RLIN) | 6020152 |
| 700 1# - ADDED ENTRY--PERSONAL NAME | |
| Personal name | Harris, Emmylou, |
| Relator term | singer. |
| 9 (RLIN) | 19977 |
| 700 1# - ADDED ENTRY--PERSONAL NAME | |
| Personal name | Judd, Wynonna, |
| Dates associated with a name | 1964- |
| Relator term | singer. |
| 9 (RLIN) | 36042 |
| 700 1# - ADDED ENTRY--PERSONAL NAME | |
| Personal name | Tillis, Pam, |
| Relator term | singer. |
| 9 (RLIN) | 37306 |
| 710 2# - ADDED ENTRY--CORPORATE NAME | |
| Corporate name or jurisdiction name as entry element | Sony Pictures Home Entertainment (Firm), |
| Relator term | publisher. |
| 9 (RLIN) | 71947 |
| 942 ## - ADDED ENTRY ELEMENTS (KOHA) | |
| Koha item type | DVD |
| 948 ## - LOCAL PROCESSING INFORMATION (OCLC); SERIES PART DESIGNATOR (RLIN) | |
| Series part designator, SPT (RLIN) | 02/14/2020 |
| b (OCLC) | 02/15/2020 |
| z (OCLC) | Sirsi |
| 994 ## - | |
| -- | C0 |
| -- | WACOL |
| 996 ## - | |
| -- | 175308 |
| -- | 34301001680026 |
| -- | HOLDVD |
| -- | DVD |
| -- | wcl |
| -- | i |
| -- | 0 |
| -- | 4.99 |
| -- | Donation |
| -- | Nas |
| -- | 02/14/2020 |
| -- | 02/15/2020 |
| Withdrawn status | Lost status | Source of classification or shelving scheme | Damaged status | Not for loan | Collection code | Home library | Current library | Shelving location | Date acquired | Source of acquisition | Cost, normal purchase price | Total Checkouts | Full call number | Barcode | Date last seen | Cost, replacement price | Price effective from | Koha item type |
|---|---|---|---|---|---|---|---|---|---|---|---|---|---|---|---|---|---|---|
| Dewey Decimal Classification | Holiday Movies | Wasatch County Library | Wasatch County Library | Audio Visual Area | 02/14/2020 | Donation | 4.99 | DVD Nas | 34301001680026 | 03/06/2024 | 4.99 | 03/20/2020 | DVD |
